| 000 | 00000nas##2200000za#4500 |
| 001 | 9.512325 |
| 003 | CaOODSP |
| 005 | 20210305164244 |
| 007 | ta |
| 008 | 150406c2011||||xxc|| m #||||f| |0fre|d |
| 040 | |aCaOODSP|bfre |
| 041 | |aeng |
| 041 | |afre |
| 043 | |an-cn--- |
| 086 | 1 |aXC26-1 |
| 110 | 1 |aCanada.|bChambre des communes. |bComité permanent des finances. |
| 245 | 10|aRapport du Comité permanent des finances / |cLe président: |
| 260 | |aOttawa - Ontario : |bChambre des communes. |
| 310 | |aIrrégulier |
| 563 | |aCouverture souple |
| 776 | 0#|tRapport du Comité permanent des finances |w(CaOODSP)9.503208 |
| 791 | |tReport of the Standing Committee on Finance / |eeng|w(CaOODSP)9.512324 |